| 000 | 00844nam a22002177a 4500 | ||
|---|---|---|---|
| 999 |
_c7364 _d7364 |
||
| 003 | AR-CdUCM | ||
| 008 | 190320b ||||| |||| 00| 0 spa d | ||
| 040 |
_aMUNICIPALIDAD PROVINCIAL DEL CUSCO _cBIBLIOTECA MUNICIPAL DEL CUSCO |
||
| 082 |
_a512.1 / _bT48 |
||
| 100 |
_aThompson, James Edgar _920748 |
||
| 245 | _aCálculo infinitesimal / | ||
| 260 |
_aMéxico : _bUnión Tipográfica Editorial Hispano Americana, _c1961. |
||
| 300 |
_a383 paginas ; _c20 cm. |
||
| 505 | _aContenido :Ideas fundamentales -- Funciones y derivadas -- Diferenciales de las funciones algebraicas -- Máximos y mínimos -- Problemas de máximos y mínimos ... | ||
| 650 |
_aCalculo _918765 |
||
| 650 |
_aMatemática _919387 |
||
| 650 |
_aCiencias aplicadas _920077 |
||
| 700 |
_aOrtíz Vásquez, Ricardo (traductor) _920749 |
||
| 942 |
_2ddc _cLIBROS |
||
| 945 | _arum | ||